000 00790nam a2200301Ia 4500
008 181129s9999 xx 000 0 und d
020 _a9780545343503
050 _bG813 2011
100 _aGreenhut, Josh
245 4 _aThe African Safari discovery /
245 0 _cby Josh Greenhut ; created by Jeff Brown ; pictures by Macky Pamintuan.
260 _aNew York, NY :
260 _bScholastic,
260 _c2011
300 _a91 pages :
300 _billustrations ;
300 _c19cm.
440 _aFlat Stanley's worldwide adventures ;
440 _v6
500 _a620L
650 _aAdventure stories.
650 _aAfrica.
650 _aReaders (Primary).
700 _aBrown, Jeff.
700 _aPamintuan, Macky.
700 _aSeries.
700 _aTitle.
999 _c360078
_d360078